[Event "Floripa Chess Open 2024"]
[Site "Florianopolis"]
[Date "2024.01.20"]
[Round "1.98"]
[White "Martins, Joao Fernandes"]
[Black "Kayser, Gustavo Warmling"]
[Result "0-1"]
[WhiteElo "1426"]
[BlackElo "2029"]
[PlyCount "48"]
[EventDate "2024.01.20"]
[EventRounds "10"]
[EventCountry "BRA"]

1. e4 c5 2. Nf3 Nc6 3. d4 cxd4 4. Nxd4 Nf6 5. Nc3 e5 6. Nb3 Bb4 7. Bd3 d5 8.
exd5 Qxd5 9. O-O Bxc3 10. bxc3 Be6 ({RR} 10... O-O 11. Qe2 e4 12. Qe3 Qe5 13.
Bc4 Be6 14. Bxe6 Qxe6 15. Nd4 Nxd4 16. Qxd4 Rfc8 17. Qe3 Rd8 18. Qd4 Rdc8 19.
Bb2 Rc4 20. Qd2 h6 21. Rfe1 Rac8 22. Qe3 b6 23. Rad1 Nd5 24. Qg3 f5 25. Rd2 {
Dominguez,R (2182)-Gallego Alcaraz,A (2445) Quibdo 2015 1/2-1/2 (71)}) ({RR} 
10... O-O 11. c4 Qe6 12. f3 b6 13. Qe1 Ba6 14. Qh4 Nb4 15. Ba3 Nxd3 16. Bxf8
Nf4 17. Ba3 Bxc4 18. Rfd1 Qf5 19. Qf2 Qg5 20. Kh1 Bd5 21. Be7 e4 22. fxe4 Bxe4
23. Rg1 Ng4 24. Qg3 Qxe7 25. Qxf4 {Varon,J-Abril,M (2056) Velez, Santander COL
2023 0-1}) 11. Ba3 $146 ({RR} 11. f3 h5 12. Be3 O-O 13. Qe2 Ne7 14. Rad1 Qc6
15. Bc5 Rfe8 16. Bb5 Qc7 17. Bxe8 Nxe8 18. Bxe7 {1-0 (18) Op den Kelder,
J-Breukelman,J Hengelo 2001}) 11... e4 12. Be2 O-O-O 13. Qc1 h5 14. Rd1 Qe5 15.
Rb1 Ng4 16. g3 e3 17. Bc5 exf2+ 18. Kf1 Bxb3 19. Bd4 Qe4 20. Bxg4+ hxg4 21.
cxb3 Qh1+ 22. Ke2 Qf3+ 23. Kd2 f1=N+ 24. Kc2 Rxh2+ 0-1

[Event "Floripa Chess Open 2024"]
[Site "Florianopolis"]
[Date "2024.01.20"]
[Round "1.99"]
[White "Cordero, Daniela"]
[Black "Altenhofen, Guilherme Graneto"]
[Result "1/2-1/2"]
[WhiteElo "2028"]
[BlackElo "1425"]
[PlyCount "115"]
[EventDate "2024.01.20"]
[EventRounds "10"]
[EventCountry "BRA"]

1. d4 d5 2. Nf3 Nf6 3. c4 e6 4. g3 Be7 5. Bg2 O-O 6. Qc2 c6 7. Nbd2 Nbd7 8. O-O
b6 9. e4 dxc4 10. Nxc4 Ba6 ({RR} 10... Bb7 11. e5 Nd5 12. Qe4 b5 13. Ne3 c5 14.
Qg4 Kh8 15. dxc5 Nxc5 16. Rd1 Qb6 17. Ng5 Nxe3 18. Bxe3 Bxg2 19. Kxg2 Bxg5 20.
Bxg5 Na4 21. Rd2 Qb7+ 22. Qf3 Qxf3+ 23. Kxf3 Nb6 24. Rc1 Nc4 {1/2-1/2 (24)
Jojua,D (2581)-Riazantsev,A (2659) Minsk 2017}) 11. Re1 ({RR} 11. Nfe5 Nxe5 12.
dxe5 Nd7 13. f4 Nxe5 14. Nxe5 Bxf1 15. Kxf1 c5 16. Be3 Bf6 17. Rd1 Qc7 18. Ng4
Rad8 19. Nxf6+ gxf6 20. Bd2 Qd7 21. Bf3 Qb5+ 22. Be2 Qc6 23. Bc3 f5 24. Rxd8
Rxd8 25. Bf3 Qb5+ {Ljubarov,M (2281)-Ticona Rocabado,L (2285) chess.com INT
2023 1-0 (64)}) 11... Rc8 12. Bg5 $146 ({RR} 12. Qa4 Bb5 13. Qb3 a5 14. a4 Ba6
15. Bg5 h6 16. Bxf6 Nxf6 17. Ne3 {1/2-1/2 (17) Erdmann,S (2155)-Konik,M (2049)
Heusenstamm 2016}) 12... c5 13. d5 Nxd5 14. exd5 Bxg5 15. dxe6 fxe6 16. Rad1
Bf6 17. Nce5 Rc7 18. Qa4 Bc8 19. Nc6 Qe8 20. Nxa7 Ne5 21. Nb5 Nxf3+ 22. Bxf3
Rd7 23. Nd6 Qd8 24. Qc6 Qc7 25. Nxc8 Qxc6 26. Bxc6 Rxd1 27. Rxd1 Rxc8 28. Bd7
Rd8 29. Bxe6+ Kf8 30. Rxd8+ Bxd8 31. Kf1 Ke7 32. Bg8 h6 33. Ke2 Kd6 34. Kd3 Bf6
35. b3 b5 36. a4 bxa4 37. bxa4 Kc6 38. Kc4 Bd4 39. Bd5+ Kb6 40. f3 Ka6 41. Bc6
Kb6 42. Bb5 Ka5 43. h3 Kb6 44. f4 Ka5 45. g4 Kb6 46. f5 Ka5 47. h4 Kb6 48. g5
hxg5 49. hxg5 Ka5 50. Kd5 Kb4 51. Ke6 Ka5 52. Kd5 Kb4 53. Kc6 Ka5 54. Kb7 c4
55. Bxc4 Kxa4 56. Kc6 Kb4 57. Kd5 Bb2 58. Bd3 1/2-1/2

[Event "Floripa Chess Open 2024"]
[Site "Florianopolis"]
[Date "2024.01.20"]
[Round "1.100"]
[White "De Oliveira, Luiz Carlos"]
[Black "Souza Dos Santos, Matheus Garcett"]
[Result "0-1"]
[WhiteElo "1422"]
[BlackElo "2024"]
[PlyCount "84"]
[EventDate "2024.01.20"]
[EventRounds "10"]
[EventCountry "BRA"]

1. e4 c5 2. c3 d6 3. h3 ({RR} 3. g3 Nf6 4. Bg2 Nc6 5. Ne2 h5 6. h3 e5 7. d4 Be7
8. Na3 O-O 9. d5 Nb8 10. Nc2 h4 11. gxh4 Nh7 12. h5 Bh4 13. Ng3 f5 14. exf5
Bxf5 15. Ne3 Bd7 16. Ng4 Na6 17. Be3 Nc7 {Jakubiec,A (2410)-Mirumian,V (2505)
Czechia 1999 1-0 (37)}) 3... Nf6 4. f3 ({RR} 4. d3 e6 5. Be2 Be7 6. Nf3 O-O 7.
O-O Qc7 8. Bf4 Nbd7 9. Nh2 b5 10. Ng4 Nxg4 11. Bxg4 Nf6 12. Bf3 Bb7 13. Re1 Nd7
14. Nd2 Bf6 15. Nb3 Qb6 16. Be3 d5 17. exd5 exd5 18. d4 c4 {Andrusaitis,A  
(1437)-Grubinskas,L (1200) Panevezys 2017 1-0 (41)}) 4... e5 $146 ({RR} 4... g6
5. Na3 a6 6. b4 Nbd7 7. Bb2 Bg7 8. Qb3 O-O 9. O-O-O Nh5 10. Ne2 Ne5 11. d3 Qe8
12. g4 Be6 13. c4 Bh6+ 14. Kb1 Nf6 15. f4 Nf3 16. g5 Bg7 17. gxf6 exf6 18. b5
a5 19. Qc2 {Duquesne,Y (1499)-Renault,G (1130) Ile et Vilaine 2012 0-1 (37)})
5. Bc4 Nh5 6. Qb3 Qh4+ 7. Kd1 Qf6 8. g4 Nf4 9. d3 Be7 10. Be3 Nc6 11. Nd2 O-O
12. Kc2 a6 13. a3 Qh4 14. Bxf4 exf4 15. Ne2 Bg5 16. Rae1 Rb8 17. Qa2 Bd7 18.
Bd5 b5 19. b4 Ne5 20. d4 cxd4 21. cxd4 Rbc8+ 22. Kb1 Nc6 23. Rc1 Qf2 24. Nc3
Qxd4 25. Rhe1 Nxb4 26. axb4 Rxc3 27. Rxc3 Qxc3 28. Qxa6 Qxb4+ 29. Bb3 Be6 30.
Kc2 Bf6 31. Rb1 Qc5+ 32. Kd1 Qg1+ 33. Kc2 Qc5+ 34. Kd1 Bc8 35. Qa2 Bb7 36. Ke2
Qe3+ 37. Kf1 Bd4 38. Kg2 Qf2+ 39. Kh1 Qg3 40. Bxf7+ Rxf7 41. Nb3 Qxf3+ 42. Kh2
Qg3+ 0-1

[Event "Floripa Chess Open 2024"]
[Site "Florianopolis"]
[Date "2024.01.20"]
[Round "1.101"]
[White "Fonseca, Luis Ernesto Serra"]
[Black "Jurado, Laura Alves"]
[Result "1-0"]
[WhiteElo "2024"]
[BlackElo "1419"]
[PlyCount "53"]
[EventDate "2024.01.20"]
[EventRounds "10"]
[EventCountry "BRA"]

1. e4 {Lukacs,P} c6 2. d4 d5 3. e5 c5 4. Nf3 Nc6 5. Bb5 Bg4 6. dxc5 e6 7. b4 ({
RR} 7. Be3 Nge7 ({RR} 7... Qa5+ 8. Nc3 {RR} a6 ({RR} 8... Nge7 9. a3 ({RR} 9.
O-O a6 10. Be2 Nf5 11. Bd2 Qc7 12. Na4 Rd8 13. Re1 Be7 14. Bf4 Bxf3 15. Bxf3 g5
16. g4 Nh4 17. Bg3 Qa5 18. Bxh4 ({RR} 18. b3 Qxe1+) 18... gxh4 ({RR} 18... Qxa4
19. Bg3) 19. c3 Qc7) 9... O-O-O ({RR} 9... a6 10. Ba4 Nf5 11. b4 Nxe3 12. fxe3
Qc7 13. O-O Be7 14. e4 d4 15. Nd5 exd5 16. exd5) ({RR} 9... Nf5 10. b4 Nxe3 11.
fxe3 Qc7 12. O-O Be7 13. e4 dxe4 ({RR} 13... d4 14. Nd5) 14. Nxe4 O-O 15. Bxc6
Qxc6 16. Nd6 f6 17. Nd4 Bxd1 18. Nxc6 Bxd6 19. exd6 Be2 20. Rfe1) 10. b4 Bxf3 (
{RR} 10... Qc7 11. Bf4 Bxf3 12. Qxf3 Nxe5 13. Qe2 N7g6 14. Bg3 h5 15. h3 a6 16.
Bd3 h4 17. Bxe5 Nxe5 18. Na4) 11. gxf3 Qc7 12. Bxc6 Nxc6 13. Bd4 a6 14. f4 f6
15. h4 ({RR} 15. exf6 Nxd4 16. Qxd4 gxf6 17. Rg1 Bg7 18. Na4 Kb8) 15... Be7 16.
Qd3 fxe5 17. fxe5 Nxe5 18. Qh3 Kb8 19. O-O-O Rhe8) 9. Bxc6+ bxc6 10. a3 ({RR} 
10. h3 Bxf3 11. Qxf3 Bxc5 12. Bxc5 Qxc5 13. O-O-O Ne7 14. Rhf1 Qa5 15. Qd3 c5)
({RR} 10. O-O Bxc5 11. Bxc5 Qxc5 12. Qd4 Qxd4 13. Nxd4 c5 14. Nb3 Rc8) 10...
Bxf3 11. Qxf3 Bxc5 12. O-O Bxe3 13. Qxe3 Ne7 14. b4 Qc7 15. f4 ({RR} 15. Na4 a5
16. Nc5 O-O) 15... O-O 16. Qc5 Rfb8 17. Ne2 Rb5) 8. c3 ({RR} 8. O-O Nf5 9. Qe2
Nxe3 10. Qxe3 Bxf3 11. Qxf3 Bxc5 12. Nd2 O-O)) 7... Nge7 ({RR} 7... Bxf3 8.
Qxf3 a5 9. c3 axb4 10. cxb4 Qc7 11. Bb2 b6 12. Nd2 bxc5 13. bxc5 Rc8 14. O-O
Qa5 15. Qd3) ({RR} 7... a5 8. c3 Nge7 ({RR} 8... Qc7 9. Nbd2 Nge7 10. O-O g6
11. Ba4 O-O-O 12. h3 Bxf3 13. Nxf3 Bg7 14. Bf4) 9. Nbd2 axb4 10. cxb4 Ng6 11.
h3 Bxf3 12. Nxf3 Qc7 13. O-O Ngxe5 14. Bb2) ({RR} 7... Qc7 8. Bb2 ({RR} 8. O-O
Bxf3 9. Qxf3 Qxe5) ({RR} 8. Nbd2 b6) 8... b6 9. cxb6 Qxb6 10. Bxc6+ Qxc6) 8.
O-O ({RR} 8. Nbd2 g6 ({RR} 8... Qc7 9. Bb2 O-O-O 10. a3 g5 11. O-O Bg7) 9. h3
Bxf3 10. Nxf3 Bg7 11. Rb1 a5 12. a3 axb4 13. axb4 O-O 14. Bf4 Qc7 15. O-O Nxe5
({RR} 15... b6 16. cxb6 Qxb6 17. Bxc6 Qxc6 18. b5) 16. Kh1 N7c6 17. c4 dxc4 18.
Qe2 f6 19. Bxc4 Qf7 20. b5 Nxc4 21. bxc6 Na5 22. cxb7 Nxb7 {Ivanchuk,V (2748)
-Hansen,L (2565) Skanderborg 2005 CBM 110 [Lukacs,P] 1-0 (43) RR} 23. Qb5) ({RR
} 8. Bb2 Ng6 9. O-O a5 10. a3 Be7 ({RR} 10... axb4 11. axb4 Rxa1 12. Bxa1 Qa8
13. Nbd2 Be7 14. h3) 11. Nbd2 O-O 12. h3) 8... Ng6 9. Re1 Be7 $146 ({RR} 9...
Qc7 10. Bb2 Be7 11. Nbd2 O-O 12. Bxc6 Qxc6 13. h3 Bxf3 14. Nxf3 Qc7 15. Qd2
Rfd8 16. Nd4 Rac8 17. Nb5 Qb8 18. Nd6 Rc6 19. Bd4 Bxd6 20. exd6 b6 21. a4 bxc5
22. Bxc5 Nf8 23. Qd4 Qc8 24. Bxa7 {Chakravarthi Reddy,M (2279)-Hinds,N (1976)
chess.com INT 2023 1/2-1/2 (70)}) 10. h3 Bxf3 11. Qxf3 O-O 12. Bxc6 bxc6 13.
Nd2 Qc7 14. Nb3 Rfb8 15. a3 Bd8 16. Bb2 Qe7 17. Nd4 Qd7 18. c4 Bc7 19. cxd5
exd5 20. e6 fxe6 21. Nxe6 Re8 22. Nxg7 Rf8 23. Qg4 Qf7 24. Bd4 a5 25. h4 axb4
26. h5 Rfb8 27. Nf5 1-0

[Event "Floripa Chess Open 2024"]
[Site "Florianopolis"]
[Date "2024.01.20"]
[Round "1.102"]
[White "Zottis, Pietro"]
[Black "Cunha, Adriano De Jesus Si"]
[Result "0-1"]
[WhiteElo "1418"]
[BlackElo "2003"]
[PlyCount "72"]
[EventDate "2024.01.20"]
[EventRounds "10"]
[EventCountry "BRA"]

1. d4 Nf6 2. c4 e6 3. Nc3 Bb4 4. Bg5 h6 5. Bh4 O-O 6. Nf3 b6 7. e3 Bb7 8. a3 ({
RR} 8. Qb3 Be7 9. Be2 d5 10. cxd5 Nxd5 11. Bxe7 Qxe7 12. Rc1 Nd7 13. O-O c5 14.
Nxd5 Bxd5 15. Qa3 Rfc8 16. Rc3 e5 17. dxc5 Nxc5 18. Rfc1 a5 19. b3 Rd8 20. Rd1
Bxf3 21. Bxf3 e4 22. Be2 Rxd1+ {Disconzi da Silva,R (2365)-Vescovi,G (2511)
Brasilia 2000 0-1}) ({RR} 8. Rc1 Be7 9. Bd3 c5 10. O-O cxd4 11. exd4 d5 12. Qe2
Nc6 13. cxd5 exd5 14. Rfe1 Re8 15. Bxf6 Bxf6 16. Qxe8+ Qxe8 17. Rxe8+ Rxe8 18.
Nxd5 Bg5 19. Nxg5 hxg5 20. Bb5 Nxd4 21. Bxe8 Ne2+ 22. Kf1 Nxc1 {Hernando
Rodrigo,J (2278)-Hernandez Leon,S (2167) San Mateo ESP 2023 1/2-1/2 (43)}) 8...
Be7 9. Bg3 $146 ({RR} 9. Bd3 d5 10. cxd5 Nxd5 11. Bxe7 Qxe7 12. O-O Nd7 13.
Nxd5 Bxd5 14. b4 a5 15. b5 Rac8 16. a4 Rfd8 17. Rc1 e5 18. Bc4 Bxf3 19. Qxf3
exd4 20. exd4 Qf6 21. Qb3 Nf8 22. Rcd1 Rd6 23. Rd3 Rcd8 {Bolczek,M-Ries,B
Germany 1997 1-0 (42)}) 9... d6 10. d5 exd5 11. cxd5 Nbd7 12. Be2 Re8 13. O-O
a6 14. Rc1 Rc8 15. b4 b5 16. Re1 Nb6 17. e4 Nh5 18. Bf1 Nxg3 19. hxg3 Bf6 20.
Qd2 c6 21. dxc6 Bxc6 22. Red1 Bxc3 23. Rxc3 Bxe4 24. Rxc8 Nxc8 25. Rc1 Qd7 26.
Qf4 Bg6 27. Rd1 Re6 28. Qg4 Qe8 29. Bd3 Bxd3 30. Rxd3 Nb6 31. Nd4 Re4 32. Qf3
Nc4 33. Kh2 Re1 34. Qb7 Ne5 35. Rc3 Ng4+ 36. Kh3 Nxf2+ 0-1

[Event "Floripa Chess Open 2024"]
[Site "Florianopolis"]
[Date "2024.01.20"]
[Round "1.103"]
[White "Guerrero, Alvaro"]
[Black "Leite, Gina Dourado Rocha"]
[Result "1-0"]
[WhiteElo "1999"]
[BlackElo "1418"]
[PlyCount "51"]
[EventDate "2024.01.20"]
[EventRounds "10"]
[EventCountry "BRA"]

1. e4 e5 2. d3 Be7 3. Nf3 Nc6 4. g3 Nf6 5. Bg2 O-O 6. O-O Re8 7. Re1 $146 ({RR
} 7. c3 d6 8. b4 a6 9. a4 Bg4 10. h3 Bd7 11. Nbd2 h6 12. Rb1 b5 13. Bb2 Bf8 14.
Re1 Ne7 15. a5 Ng6 16. Nf1 c6 17. Ne3 Qc7 18. c4 c5 19. Bc3 bxc4 20. Nxc4 Bb5
21. Nb6 Rad8 {Chigaev,M (2621)-Przybylski,W (2308) chess.com INT 2023 1-0 (54)}
) ({RR} 7. Nc3 h6 8. h3 Bf8 9. Nh2 d6 10. f4 Nd4 11. Nf3 c5 12. Kh2 Rb8 13. a4
b6 14. Nb5 Bd7 15. Nbxd4 cxd4 16. g4 Rc8 17. g5 hxg5 18. Nxg5 Qc7 19. Rf2 d5
20. fxe5 Rxe5 21. Bf4 Bd6 {Rapport,R (2763)-Caruana,F (2792) Baku AZE 2021 0-1
(39)}) 7... Bc5 8. c3 b5 9. b4 Bb6 10. a4 bxa4 11. b5 Ng4 12. Ra2 Ne7 13. h3
Nf6 14. Nxe5 d6 15. Nc4 Be6 16. Rxa4 Bxc4 17. Rxc4 Nh5 18. Qxh5 Ng6 19. Qd1 Qf6
20. Be3 Bxe3 21. Rxe3 Qe6 22. Ra4 Reb8 23. Na3 Rb6 24. e5 Rab8 25. Rxa7 Nxe5
26. d4 1-0

[Event "Floripa Chess Open 2024"]
[Site "Florianopolis"]
[Date "2024.01.20"]
[Round "1.104"]
[White "Gomes, Adrian Felipe L"]
[Black "De Oliveira, Yuri Garcia"]
[Result "1-0"]
[WhiteElo "1416"]
[BlackElo "1997"]
[PlyCount "91"]
[EventDate "2024.01.20"]
[EventRounds "10"]
[EventCountry "BRA"]

1. c4 c5 2. Nc3 Nc6 3. Nf3 g6 4. g3 Bg7 5. Bg2 d6 6. O-O Bf5 7. e3 ({RR} 7. d3
Qd7 8. Rb1 Bh3 9. Bxh3 Qxh3 10. Nd5 Qd7 11. Qa4 Rc8 12. a3 e6 13. Ne3 Nge7 14.
b4 O-O 15. Bb2 Bxb2 16. Rxb2 b6 17. d4 cxd4 18. Nxd4 Rfd8 19. Nxc6 Qxc6 20.
Qxc6 Nxc6 21. Rd1 Kf8 {Zhou,J (2668)-Malakhov,V (2732) Ningbo 2010 1/2-1/2 (57)
}) 7... Bd3 ({RR} 7... Qc8 8. d4 Bh3 9. Re1 Bxg2 10. Kxg2 Nf6 11. d5 Nb8 12. e4
O-O 13. e5 dxe5 14. Nxe5 Re8 15. Qf3 Nbd7 16. Bf4 a6 17. Re2 Nxe5 18. Bxe5 Qg4
19. Rae1 Qxf3+ 20. Kxf3 Kf8 21. Na4 b5 22. Nxc5 {Muradli,M (2550)-Taher,Y  
(2445) chess.com INT 2023 1-0 (33)}) 8. Re1 Bxc4 9. Qa4 $146 ({RR} 9. d4 Ba6
10. dxc5 dxc5 11. Na4 Qd6 12. Qc2 b6 13. Rd1 Nb4 14. Qb3 Bc4 15. Rxd6 Bxb3 16.
Nxc5 bxc5 {0-1 (16) Eibersberger,M (2110)-Velickovic,Z (2275) Graz 1999}) 9...
Be6 10. Ng5 Bd7 11. Qb3 e6 12. Nge4 Qb8 13. Qxb7 Ke7 14. Nxc5 Qxb7 15. Nxb7 Rb8
16. Bxc6 Bxc6 17. Na5 Ba8 18. b3 h5 19. Nc4 Nf6 20. Ba3 Ne8 21. Rac1 h4 22. Ne2
Kd7 23. Rc2 hxg3 24. Nxg3 Bf8 25. d3 f5 26. e4 Be7 27. exf5 gxf5 28. Rce2 f4
29. Rxe6 Bf6 30. Bxd6 fxg3 31. Bxb8 Rxh2 32. fxg3 Rh1+ 33. Kf2 Bd4+ 34. R1e3
Rh2+ 35. Kf1 Bxe3 36. Rxe3 Rxa2 37. Re2 Ra1+ 38. Kf2 Nf6 39. Ke3 Nd5+ 40. Kd4
Nb4 41. Bd6 Nc6+ 42. Kc3 Rc1+ 43. Rc2 Rxc2+ 44. Kxc2 Nd4+ 45. Kd2 Bf3 46. Bc5
1-0

[Event "Floripa Chess Open 2024"]
[Site "Florianopolis"]
[Date "2024.01.20"]
[Round "1.106"]
[White "Goncalves, Eduardo Moutinho"]
[Black "Ribeiro, Davison Soares"]
[Result "0-1"]
[WhiteElo "1414"]
[BlackElo "1989"]
[PlyCount "90"]
[EventDate "2024.01.20"]
[EventRounds "10"]
[EventCountry "BRA"]

1. e4 {ChessBase} Nf6 2. e5 Nd5 3. c4 Nb6 4. d4 d6 5. Nf3 Bg4 6. Be2 dxe5 7. c5
e4 8. cxb6 ({RR} 8. Ng5 Bxe2 9. Qxe2 Nd5 10. O-O Nc6 11. Rd1) 8... exf3 9. Bxf3
Bxf3 10. Qxf3 Nc6 $146 ({RR} 10... axb6 11. Qxb7 Nd7 12. Bf4 ({RR} 12. O-O e6
13. Bf4 Bd6) ({RR} 12. Qc6 e6 13. Bf4 Bb4+ 14. Nc3 Ra7 15. O-O Bxc3) 12... e5
13. Bxe5 ({RR} 13. dxe5 Bb4+ 14. Nc3 Bxc3+ 15. bxc3 O-O 16. O-O ({RR} 16. Rd1
Nc5) 16... Nc5 17. Qc6 Ra3) 13... Nxe5 14. dxe5 Bb4+ 15. Nc3 Bxc3+ 16. bxc3 O-O
17. O-O Qe7 18. Rfe1 Qc5 19. Re3 Ra3 ({RR} 19... Qc4 20. h3 Rxa2 21. Rxa2 Qxa2
22. Qc6 Rc8 23. c4) 20. Qf3 Re8 21. h3 Ra5 ({RR} 21... Rxe5 22. Rd1 h6 23. Rd7
Rf5 24. Qe4) 22. Rd1 Qe7 ({RR} 22... Rxa2 23. Rd7 Rf8 24. Qg4) 23. Qc6 Rc5 ({RR
} 23... Rxe5 24. Qxe8+ Qxe8 25. Rxe5 Qf8 26. Red5) 24. Qd7 ({RR} 24. Qa4 Ra5) (
{RR} 24. Qe4 f6) 24... g6 25. f4 {Alekhine,A-Euwe,M Netherlands 1935 MainBase 
[ChessBase] 1/2-1/2 (50)}) 11. bxc7 ({RR} 11. O-O Nxd4 ({RR} 11... axb6 12. d5
Ne5 13. Qe4) 12. Qxb7 axb6 13. Be3) 11... Qxc7 12. Be3 e6 13. Nc3 Bb4 14. O-O
O-O 15. Rac1 Bxc3 16. Rxc3 Qd7 17. Rfc1 Rac8 18. Rc5 Nb4 19. Qe2 Nd5 20. Qc2
Rxc5 21. Qxc5 a6 22. g3 h6 23. b3 Ra8 24. a4 Rd8 25. Rc2 Re8 26. Bc1 Rd8 27.
Be3 Ra8 28. Bc1 Rf8 29. Be3 Rb8 30. Kf1 Rd8 31. Ke2 Rb8 32. h4 Rd8 33. Bc1 Rb8
34. Be3 Re8 35. Bc1 Rd8 36. Be3 Kh7 37. Rc1 Rb8 38. g4 f5 39. g5 f4 40. Bd2 Rd8
41. Qc2+ g6 42. Qe4 Qf7 43. Kf3 h5 44. Re1 Re8 45. Bxf4 Rf8 0-1

[Event "Floripa Chess Open 2024"]
[Site "Florianopolis"]
[Date "2024.01.20"]
[Round "1.107"]
[White "Seccafim, Caic Dos Santos"]
[Black "Nascimento, Bianca Alencar De S"]
[Result "1-0"]
[WhiteElo "1986"]
[BlackElo "1389"]
[PlyCount "61"]
[EventDate "2024.01.20"]
[EventRounds "10"]
[EventCountry "BRA"]

1. Nf3 d5 2. g3 Bf5 3. Bg2 c6 4. O-O Nf6 5. d3 e6 6. Nbd2 Bd6 ({RR} 6... a5 7.
Qe1 h6 8. e4 Bh7 9. Qe2 Be7 10. e5 Nfd7 11. h4 b5 12. Nh2 c5 13. f4 Nc6 14.
Ndf3 c4 15. d4 b4 16. Be3 c3 17. b3 h5 18. Bh3 Qb6 19. Ng5 Bg6 20. Rad1 Bxg5
21. hxg5 {Petersen,T (2324)-Savchenko,B (2615) Helsingor 2011 0-1 (43)}) ({RR} 
6... Bg6) 7. Re1 Bc7 8. e4 $146 ({RR} 8. c3 O-O 9. Qb3 Qc8 10. e4 Bg6 11. Nh4
Nbd7 12. Nxg6 hxg6 13. d4 dxe4 14. Nxe4 Nxe4 15. Bxe4 Nf6 16. Bg2 a5 17. a4 Nd5
18. Bg5 Qd7 19. c4 Nb4 20. Rad1 Bd8 21. Bc1 Bb6 22. d5 exd5 {Zakharov,Y (1650)
-Bunin,S (1876) St Petersburg RUS 2018 1/2-1/2 (53)}) 8... dxe4 9. dxe4 Bg4 10.
Qe2 Nbd7 11. b3 O-O 12. Bb2 Be5 13. Bxe5 Nxe5 14. Qe3 Qc7 15. Nxe5 Qxe5 16. h3
Bh5 17. g4 Bg6 18. f4 Qb2 19. Nc4 Nxg4 20. hxg4 Qf6 21. Rf1 h6 22. Rad1 Qh4 23.
Ne5 Bh7 24. Qf2 Qe7 25. Rd7 Qa3 26. Rxb7 Qxa2 27. Rd1 Rfd8 28. Rxd8+ Rxd8 29.
Rxf7 Rd1+ 30. Kh2 Rc1 31. Qc5 1-0

[Event "Floripa Chess Open 2024"]
[Site "Florianopolis"]
[Date "2024.01.20"]
[Round "1.108"]
[White "Arosteguy, Vitor Augusto Colac"]
[Black "Cunha E Silva, Carlos Alberto V."]
[Result "1/2-1/2"]
[WhiteElo "1385"]
[BlackElo "1984"]
[PlyCount "93"]
[EventDate "2024.01.20"]
[EventRounds "10"]
[EventCountry "BRA"]

1. e4 c5 2. c3 d6 3. d4 cxd4 4. cxd4 Nf6 5. Nc3 e6 6. Bg5 Be7 7. Nf3 O-O 8. Bd3
h6 9. Bh4 Nbd7 10. O-O a6 $146 ({RR} 10... Nxe4 11. Nxe4 Bxh4 12. Nxd6 Be7 13.
Ne4 f5 14. Nc3 Nf6 15. Qb3 Nd5 16. Bc4 Nxc3 17. Bxe6+ Bxe6 18. Qxe6+ Kh8 19.
bxc3 Rf6 20. Qb3 Rb6 21. Qf7 Qf8 22. Qxf8+ Bxf8 23. Ne5 Re6 24. Rfe1 Kg8 25.
Rad1 {Schnelle,L (1774)-Scharrenbroich,T (1480) Duisburg Rheinhausen 2007 1-0 
(45)}) 11. Qb3 b5 12. Rfe1 Bb7 13. Rac1 Rc8 14. h3 Nb6 15. e5 Nfd5 16. Nxd5
Bxd5 17. Bxe7 Qxe7 18. Qa3 Bc4 19. exd6 Qb7 20. Ne5 Bxd3 21. Qxd3 Rfd8 22. Qg3
Nc4 23. Nxc4 bxc4 24. Re2 Qd5 25. Qe5 Qxd6 26. Qxd6 Rxd6 27. Rd2 Kf8 28. Kf1
Ke7 29. Ke2 Kd7 30. Ke3 f6 31. f4 Rb6 32. Rdc2 Kd6 33. b3 c3 34. Rxc3 Rxc3+ 35.
Rxc3 g5 36. fxg5 hxg5 37. Rc5 e5 38. Rc4 Rb5 39. Ke4 exd4 40. Rxd4+ Ke6 41. Ra4
f5+ 42. Kf3 Rb6 43. a3 Rxb3+ 44. Kf2 Rb2+ 45. Kf3 Rb3+ 46. Kf2 Rb2+ 47. Kf3
1/2-1/2

[Event "Floripa Chess Open 2024"]
[Site "Florianopolis"]
[Date "2024.01.20"]
[Round "1.109"]
[White "Dornelles, Marcio Neron Camarg"]
[Black "Mantovani, Helio Cardoso"]
[Result "1-0"]
[WhiteElo "1983"]
[BlackElo "1382"]
[PlyCount "73"]
[EventDate "2024.01.20"]
[EventRounds "10"]
[EventCountry "BRA"]

1. d4 Nf6 2. c4 e6 3. Nf3 b6 4. a3 Bb7 5. Nc3 h6 6. Qc2 ({RR} 6. Bf4 d5 7. e3
a6 8. cxd5 exd5 9. Bd3 Bd6 10. Bxd6 Qxd6 11. Ne5 O-O 12. O-O c5 13. f4 Nc6 14.
Bc2 b5 15. Rf3 b4 16. axb4 cxd4 17. exd4 Qxb4 18. Ne2 Qd6 19. Ng3 Bc8 20. Rc1
Nb4 {Sarana,A (2649)-Tejedor Fuente,E (2440) chess.com INT 2021 1-0 (39)}) ({RR
} 6. d5 Qe7 7. g3 exd5 8. cxd5 Ne4 9. Bd2 Na6 10. Bg2 Nac5 11. O-O g6 12. b4
Bg7 13. Rc1 Na6 14. Nxe4 Qxe4 15. Ne1 Qd4 16. Nd3 d6 17. Bc3 Qxc3 18. Rxc3 Bxc3
19. Qa4+ Kf8 20. Rc1 Bf6 {Drazic,S (2367)-Pezelj,N (2481) Paracin SRB 2023 1-0
(41)}) 6... c6 $146 ({RR} 6... d5 7. cxd5 Nxd5 8. e4 Nxc3 9. bxc3 Be7 10. Be2
O-O 11. Be3 Nd7 12. h3 Nf6 13. O-O Bxe4 14. Qd2 Bd6 15. Rfd1 Qe7 16. a4 a5 17.
c4 Bb4 18. Qb2 Rfd8 19. Ne5 Bd6 20. Nf3 c5 21. dxc5 {Popovic,J-Adepitan,A
Szeged 1994 1-0 (48)}) 7. e4 d5 8. e5 Nfd7 9. cxd5 cxd5 10. Bd3 Nc6 11. O-O Be7
12. Be3 a6 13. Qe2 O-O 14. Rac1 f6 15. exf6 Nxf6 16. Bb1 Bd6 17. Qc2 Ne7 18.
Ne5 Qe8 19. Ne2 Rc8 20. Qb3 b5 21. Nf4 Rxc1 22. Rxc1 Bc8 23. Nfg6 Nxg6 24. Bxg6
Qd8 25. Qc2 Bxe5 26. dxe5 Nd7 27. Qc3 Bb7 28. Qd4 Bc8 29. Rc3 Qe7 30. Bd2 Rd8
31. Rg3 Qc5 32. Qg4 Nxe5 33. Bh7+ Kf8 34. Qxg7+ Ke8 35. Qxe5 Kd7 36. Rg7+ Ke8
37. Bg6+ 1-0

[Event "Floripa Chess Open 2024"]
[Site "Florianopolis"]
[Date "2024.01.20"]
[Round "1.110"]
[White "Garcia Cruz, Luis Manuel"]
[Black "Soares, Joao Carlos T. C."]
[Result "0-1"]
[WhiteElo "1381"]
[BlackElo "1983"]
[PlyCount "52"]
[EventDate "2024.01.20"]
[EventRounds "10"]
[EventCountry "BRA"]

1. e4 e6 2. d4 d5 3. exd5 exd5 4. Nf3 Bd6 5. Bd3 Nc6 6. c3 Bg4 7. h3 Bh5 8. Be3
Nge7 9. Nbd2 Qd7 10. O-O ({RR} 10. Qc2 a6 11. O-O O-O 12. Bxh7+ Kh8 13. Bd3 f5
14. Bg5 Ng6 15. Rfe1 Nf4 16. Ne5 Bxe5 17. dxe5 Nxd3 18. Qxd3 Rae8 19. f4 Bf7
20. Nf3 Kg8 21. Rad1 Be6 22. Qe3 Qf7 23. Bh4 Qh5 24. Bf2 b6 {Efimov,I (2409)
-Sawlin,L (2385) chess.com INT 2020 1-0 (47)}) ({RR} 10. Qc2 O-O-O 11. O-O-O
Kb8 12. Rde1 f6 13. g4 Bg6 14. Nh4 Bxd3 15. Qxd3 Qe8 16. f4 Qf7 17. Rhg1 Rhe8
18. f5 g5 19. fxg6 hxg6 20. Ref1 Qg7 21. Bf4 Bxf4 22. Rxf4 g5 23. Nf5 Qh8 24.
Nxe7 gxf4 {Gatineau,Y (2354)-Skvortsov,A (2249) chess.com INT 2023 0-1 (43)})
10... O-O-O 11. b4 Rde8 $146 ({RR} 11... f5 12. b5 Nb8 13. Bg5 Rde8 14. Qc2
Bxf3 15. Nxf3 g6 16. c4 dxc4 17. Bxc4 f4 18. Bf6 Rhf8 19. Bg7 Rf5 20. Rfe1 Nd5
21. Rxe8+ Qxe8 22. Re1 Qg8 23. Qe4 c6 24. Be5 Bxe5 25. dxe5 Nd7 26. bxc6 {
Bratkovskiy,D (2194)-Nikitin,Y (2129) Dagomys 2004 1-0 (32)}) 12. a4 f5 13. Nb3
f4 14. Bd2 g5 15. b5 Nd8 16. a5 Ng6 17. Nc5 Bxc5 18. dxc5 Nh4 19. Kh2 Nxf3+ 20.
gxf3 Bg6 21. Qb1 Bxd3 22. Qxd3 Re6 23. Qd4 Rh6 24. h4 Rxh4+ 25. Kg1 Qh3 26.
Qxh8 Qh1# 0-1